000 00606nam a22001817a 4500
003 UA-OsUOA
001 12656
007 ta
008 20050524b un ||||| |||| 00| 0 ukr d
100 _aДерець В.
942 _cSA
040 _aUA-OsUOA
_cUA-OsUOA
_dUA-OsUOA
245 _aРеординаційні відносини як окремий вид управлінських відносин між органами виконавчої влади
300 _aС.32-35
955 _a0
773 0 _w0
_tПраво України
_dКиїв
_d2005
_gN5
650 7 _aВиконавча влада
_2UDC
999 _c298817
_d298817